000 00568nam a2200169 a 4500
001 000026987
005 20200930030530.0
008 110328s2005 dr 000 0 spa d
020 _a9945405349
040 _aDO-SdBNP
_bspa
_cBNPHU
100 1 _aViguera Ozuna, Eugenio
_954089
245 1 0 _aChaleco :
_bmemorias de un obrero de la construcción /
_cEugenio Viguera Ozuna.
260 _aSanto Domingo :
_bAyuntamiento Municipal de San Cristobal,
_c2005
_fEditora Manatí
300 _a239 p. ;
_c22 cm.
500 _aIncluye notas al pie de las páginas
049 _aBNPD
999 _c26479
_d26479